Apanhados dos bits (Registo nº 414)

Detalhes MARC
000 -Etiqueta do registo
Cabeçalho 00738nam0a2200265 4500
005 - Identificador da versão
Campo de controlo 20240813121802.0
010 ## - Número internacional normalizado dos livros (ISBN)
Número (ISBN) 972104816X
021 ## - Número do Depósito Legal
Código do país PT
Número 157345/00
100 ## - Dados gerais de processamento
Dados gerais de processamento 20160714d2000 d y0pory5003 ba
102 ## - Pais de publicação ou produção
País de publicação Portugal
101 1# - Língua de publicação
Língua do texto, banda sonora, etc. Português
Língua do documento no original Inglês
215 ## - Descrição física 
Indicação específica da natureza do documento e extensão da espécie 157, [1] p.
Outras indicações físicas il
200 1# - Titulo e menção de responsabilidade
Título próprio Apanhados dos bits
Primeira menção de responsabilidade Michael Coleman
Outras menções de responsabilidade il. Mike Phillips
225 2# - Colecção 
Título próprio da colecção Cultura horrível
210 ## - Publicação, Distribuição, etc. 
Lugar da edição, distribuição, etc. Mem Martins
Nome do editor, distribuidor, etc. Europa-América
Data da publicação, distribuição, etc. 2000
606 ## - Nome comum usado como assunto
Número de registo de entrada de autoridade 0003115
Palavra de ordem Informática
Código do sistema CA
Número de registo de entrada de autoridade 0003116
Palavra de ordem Computadores
Código do sistema CA
675 ## - Classificação Decimal Universal (CDU)
Notação 004
Edição 3ª ed.
Língua da edição por
702 ## - Nome de autor-pessoa física (responsabilidade secundária)
Número de registo de entrada de autoridade 0000468
Palavra de ordem Phillips
Outra parte do nome não tomada para palavra de ordem Michael
Código de função Ilustrador / Técnico de desenho computorizado
700 ## - Nome de autor-pessoa física (responsabilidade principal)
Número de registo de entrada de autoridade 0000466
Palavra de ordem Coleman
Outra parte do nome não tomada para palavra de ordem Michael
966 ## - Identificação da Biblioteca
Sigla EB2,3ENM
942 ## - Elementos de entrada adicionados (Koha)
Tipo de item no Koha Livro
Exemplares
Situação do levantamento Origin of item (home branch) (coded) Biblioteca de empréstimo Código de barras Cota Circulation type (not for loan) Tipo de documento Nota do exemplar Damaged status
  Biblioteca Escolar Eng. Nuno Mergulhão Biblioteca Escolar Eng. Nuno Mergulhão BENM523 004 COL   Livro Sem mensagem